00525nam a2200145Ia 4500008004100000020002200041041000800063082002100071100001900092245002700111260003600138300000900174999001900183952017700202230411s9999 xx 000 0 und d a978-93-86622-81-5 aeng aX/891/KAN/B09731 aKanetkar Gauri aMrutyu Pahileli Manase bSamakalin PrakashanaPunec2021 a146p c158655d158655 001040708XaBTINbBTINd2022-02-04eSamakalin Prakashang200.00i4138l3oX 891 KAN B09731pBTIN-BK-9731r2024-11-22 00:00:00s2024-11-14v160.00w2021-11-30yBKzB09731